SAT Words HARD Click Quiz - F - Statistics

General Stats
  • This quiz has been taken 418 times
  • The average score is 11 of 15
Answer Stats
Hint Answer % Correct
Lively Spanish dance; or, horseplay Fandango
90%
Long-winded speech to delay legislation Filibuster
88%
Debris from a shipwreck Flotsam
83%
Noisy and violent dispute Fracas
80%
Interchangeable, replaceable Fungible
77%
Ornate, flowery Florid
75%
Achieve through trickery or cunning Finagle
73%
Delicate and intricate metalwork Filigree
72%
Overly concerned with appearance Foppish
72%
Dissociative state followed by memory loss Fugue
72%
Foolish or inane Fatuous
65%
Authoritative order; decree Fiat
58%
Condition or state of health Fettle
56%
Aimless wanderer of a city Flaneur
55%
Habitually stubborn or disobedient Froward
44%
No matching quizzes found
Score Distribution
Percent of People with Each Score
Percentile by Number Answered
Your Score History
You have not taken this quiz